Statistics for Two-Word Countries

Click here to take the quiz!

General Stats

  • This quiz has been taken 15,490 times
    (10,983 since last reset)
  • The average score is 19 of 25

Answer Stats

country% Correct
South Korea
95%
North Korea
94%
South Africa
89%
South Sudan
87%
New Zealand
86%
Dominican Republic
80%
United Kingdom
80%
San Marino
75%
Saudi Arabia
75%
Timor-Leste
75%
El Salvador
74%
Guinea-Bissau
74%
Marshall Islands
73%
Solomon Islands
73%
Burkina Faso
72%
Saint Lucia
72%
North Macedonia
71%
Sri Lanka
71%
Equatorial Guinea
68%
Cabo Verde
67%
Costa Rica
67%
Vatican City
65%
Côte d'Ivoire
61%
Sierra Leone
58%
United States
51%

Score Distribution

Percentile by Number Answered

Percent of People with Each Score

Your Score History

You have not taken this quiz since the last reset